LEADER 01319nam a2200289 u 4500 001 000000059505 003 CaOOAMICUS 005 20070226120816.0 008 010702s1968 it u000 u ita u 035 $a10894829 040 $aPUL(R)$bita 041 1 $aita$hfre 100 1 $aGuitton, Jean,$d1901-1999.$0(OLS)http://pul/name/1012 240 10$aTravail intellectuel.$lItaliano.$0(OLS)http://pul/title/79665 245 13$aIl lavoro intellettuale :$bconsigli a coloro che studiano e che scrivono /$cJean Guitton ; traduzione di Maria Meschiari. 260 $aRoma :$bEdizioni Paoline,$c1968. 300 $a232 p. ;$c18 cm 490 1 $aPsychologica (Edizioni Paoline) ;$v5 650 4$aPsicologia$xAttività psichiche.$0(OLS)http://pul/subject/7752 700 1 $aMeschiari, Maria.$0(OLS)http://pul/name/9227 830 0$aPsychologica (Edizioni Paoline) ;$v5.$0(OLS)http://pul/title/13681 850 $aPUL 852 $aPUL$W1$xSL Filosofia 2$y80$mPhil D4 43a.8$j77586$nBK-PRI$b $qStampati altre collocazioni$B77586$CPULBib$Z2$F77586 $H $81 941 1 $a10 961 $aINV: 30901 996 $6245$aIl lavoro intellettuale :$bconsigli a coloro che studiano e che scrivono$9(OLS)http://pul/title/79666 996 $6260$aRoma :$bEdizioni Paoline$9(OLS)http://pul/publisher/47933 LEADER 01699nam a2200313 a 4500 001 000000149618 003 CaOOAMICUS 005 20160223100629.0 008 160223s2007 vc u000 u ita r 020 $a978-88-209-7898-3* 032 $aLibriCat 040 $aPUL$bita 110 2 $aPapi (2005-2013 : Benedictus XVI).$0(OLS)http://pul/name/64993 245 10$aEsortazione apostolica postsinodale Sacramentum Caritatis del Santo Padre Benedetto XVI all'episcopato, al clero, alle persone consacrate e ai fedeli laici sull'eucaristia fonte e culmine della vita e della missione della Chiesa. 246 34$aSacramentum Caritatis 260 $aCittà del Vaticano :$bLibreria editrice vaticana,$c2007. 300 $a159 p. ;$c17 cm. 504 $aBibliografia in nota. 600 04$aPapi (2005-2013 : Benedictus XVI)$tSacramentum caritatis.$0(OLS)http://pul/subject/43058 850 $aPUL 852 $aPUL$W1$xDP1 Fondo Bordoni$y120$m3 I 50$j167052$qFondi$B173912$CPULBib$Z2$F173912 $HBor171 $81 900 $aBenedictus PP.$bXVI,$d1927-2022$964993 900 $aBenedictus PP.$bXVI,$d1927-2022$964993 941 1 $a1 996 $6020$a978-88-209-7898-3*$9(OLS)http://pul/number/159817 996 $6245$aEsortazione apostolica postsinodale Sacramentum Caritatis del Santo Padre Benedetto XVI all'episcopato, al clero, alle persone consacrate e ai fedeli laici sull'eucaristia fonte e culmine della vita e della missione della Chiesa$9(OLS)http://pul/title/188639 996 $6246$aSacramentum Caritatis$9(OLS)http://pul/title/188640 996 $6260$aCittà del Vaticano :$bLibreria editrice vaticana$9(OLS)http://pul/publisher/47920